LEADER 02552nam 22006134a 450 001 9910452077403321 005 20200520144314.0 010 $a1-280-94138-3 010 $a9786610941384 010 $a0-309-10802-0 035 $a(CKB)1000000000478351 035 $a(EBL)3378282 035 $a(SSID)ssj0000213121 035 $a(PQKBManifestationID)11185122 035 $a(PQKBTitleCode)TC0000213121 035 $a(PQKBWorkID)10151387 035 $a(PQKB)11282521 035 $a(MiAaPQ)EBC3378282 035 $a(Au-PeEL)EBL3378282 035 $a(CaPaEBR)ebr10194185 035 $a(CaONFJC)MIL94138 035 $a(OCoLC)923277514 035 $a(EXLCZ)991000000000478351 100 $a20070604d2007 uy 0 101 0 $aeng 135 $aurcn||||||||| 181 $ctxt 182 $cc 183 $acr 200 00$aNutrition standards for foods in schools$b[electronic resource] $eleading the way toward healthier youth /$fCommittee on Nutrition Standards for Foods in Schools, Food and Nutrition Board ; Virginia A. Stallings and Ann L. Yaktine, editors 210 $aWashington, D.C. $cNational Academies Press$dc2007 215 $a1 online resource (296 p.) 300 $aDescription based upon print version of record. 311 $a0-309-10383-5 320 $aIncludes bibliographical references (p. 151-170) and index. 327 $aCommittee task and guiding principles -- Nutrition-related health concerns, dietary intakes, and eating behaviors of children and adolescents -- The school environment -- Foods and beverages sold outside the school meal program: federal, state, local, and industry initiatives -- Recommended standards and actions for competitive foods in schools -- Next steps. 606 $aSchool children$xNutrition$xGovernment policy$zUnited States 606 $aSchool lunchrooms, cafeterias, etc$zUnited States$xManagement 606 $aNutrition policy$zUnited States 608 $aElectronic books. 615 0$aSchool children$xNutrition$xGovernment policy 615 0$aSchool lunchrooms, cafeterias, etc.$xManagement. 615 0$aNutrition policy 676 $a371.7/160973 701 $aStallings$b Virginia A$0940970 701 $aYaktine$b Ann L$0909979 712 02$aInstitute of Medicine (U.S.).$bCommittee on Nutrition Standards for Foods in Schools. 801 0$bMiAaPQ 801 1$bMiAaPQ 801 2$bMiAaPQ 906 $aBOOK 912 $a9910452077403321 996 $aNutrition standards for foods in schools$92122022 997 $aUNINA LEADER 02883oas 2201045 a 450 001 9910147328003321 005 20251120172701.0 011 $a1521-4176 035 $a(DE-599)1481051-7 035 $a(OCoLC)44078153 035 $a(CONSER) 2001229141 035 $a(CKB)954925573928 035 $a(EXLCZ)99954925573928 100 $a20000518a19509999 sy 101 0 $aeng 135 $aurmnu|||||||| 181 $ctxt$2rdacontent 182 $cc$2rdamedia 183 $acr$2rdacarrier 200 00$aMaterials and corrosion =$eWerkstoffe und Korrosion 210 $aWeinheim $cVerlag & Co. KGaA$d©1950- 215 $a1 online resource 300 $aRefereed/Peer-reviewed 300 $aTitle from table of contents screen (Wiley InterScience, viewed: May 12, 2006). 300 $aPublished: Weinheim : Wiley-VCH Verlag GmbH & Co. KGaA, <2005-> 311 08$aPrint version: 0947-5117 517 3 $aWerkstoffe und Korrosion 606 $aMaterials$vPeriodicals 606 $aMetals$vPeriodicals 606 $aCorrosion and anti-corrosives$vPeriodicals 606 $aMate?riaux$vPe?riodiques 606 $aMe?taux$vPe?riodiques 606 $aCorrosion$vPe?riodiques 606 $aAnticorrosion$vPe?riodiques 606 $aCorrosion and anti-corrosives$2fast$3(OCoLC)fst00880341 606 $aMaterials$2fast$3(OCoLC)fst01011772 606 $aMetals$2fast$3(OCoLC)fst01018047 606 $aMaterials$2thub 606 $aMetalls$2thub 606 $aCorrosió i anticorrosius$2thub 608 $aPeriodical. 608 $aperiodicals.$2aat 608 $aPeriodicals.$2fast 608 $aPeriodicals.$2lcgft 608 $aPe?riodiques.$2rvmgf 608 $aRevistes electròniques.$2thub 615 0$aMaterials 615 0$aMetals 615 0$aCorrosion and anti-corrosives 615 6$aMate?riaux 615 6$aMe?taux 615 6$aCorrosion 615 6$aAnticorrosion 615 7$aCorrosion and anti-corrosives. 615 7$aMaterials. 615 7$aMetals. 615 7$aMaterials. 615 7$aMetalls. 615 7$aCorrosió i anticorrosius. 712 02$aArbeitsgemeinschaft Korrosion, 712 02$aDechema.$bBeratungsstelle fu?r Werkstoff-Fragen, 801 0$bOH1 801 1$bOH1 801 2$bFUG 801 2$bOCLCQ 801 2$bOCL 801 2$bIUL 801 2$bMUQ 801 2$bOCLCQ 801 2$bVRC 801 2$bOCLCQ 801 2$bDLC 801 2$bOCLCF 801 2$bVT2 801 2$bOCLCQ 801 2$bUKMGB 801 2$bOCLCQ 801 2$bNJT 801 2$bCGU 801 2$bUBY 801 2$bOCLCO 801 2$bOCLCQ 801 2$bUAB 801 2$bOCLCL 801 2$bSXB 801 2$bOCLCQ 906 $aJOURNAL 912 $a9910147328003321 996 $aMaterials and corrosion$92193940 997 $aUNINA